| 000 | 00482nam a2200193Ia 4500 | ||
|---|---|---|---|
| 008 | 170918s9999 xx 000 0 und d | ||
| 020 | _a9780439923767 | ||
| 050 | _bB928 2005 | ||
| 100 | _aBuehner, Caralyn | ||
| 245 | _aSnowmen at Christmas / | ||
| 245 | _cCaralyn Buehner ; pictures by Mark Buehner. | ||
| 260 | _aNew York : | ||
| 260 | _bScholastic, | ||
| 260 | _c2005 | ||
| 300 | _aunpaged : | ||
| 300 | _bcolored illustration ; | ||
| 300 | _c28cm. | ||
| 500 | _a910 | ||
| 999 |
_c342230 _d342230 |
||